| 000 | 00538nam a22001817a 4500 | ||
|---|---|---|---|
| 999 |
_c169282 _d169282 |
||
| 003 | dpl | ||
| 005 | 20191113150633.0 | ||
| 008 | 191113b ||||| |||| 00| 0 eng d | ||
| 010 | _aA-936137 | ||
| 035 | _aaA-936137 | ||
| 040 | _c0 | ||
| 100 |
_aMoulik,Achala _d1997 |
||
| 245 |
_aEarth Is But A Star _cAchala Moulik _hEnglish |
||
| 260 |
_aNew Delhi 5 Ansari Road _bUBSPD UBS Publishers'Distributors Ltd. _c1997 |
||
| 300 |
_a340p. _c21cms _g21cms |
||
| 500 | _aAbout - The Conquerors -A novel | ||
| 942 |
_2ddc _cEN _hN _iMOU _kN _mMOU |
||